<?xml version="1.0" encoding="UTF-8"?>
<record
    xmlns:xsi="http://www.w3.org/2001/XMLSchema-instance"
    xsi:schemaLocation="http://www.loc.gov/MARC21/slim http://www.loc.gov/standards/marcxml/schema/MARC21slim.xsd"
    xmlns="http://www.loc.gov/MARC21/slim">

  <leader>00418nam a22001097a 4500</leader>
  <datafield tag="999" ind1=" " ind2=" ">
    <subfield code="c">38960</subfield>
    <subfield code="d">38960</subfield>
  </datafield>
  <datafield tag="020" ind1=" " ind2=" ">
    <subfield code="a">9788131611081</subfield>
  </datafield>
  <datafield tag="100" ind1=" " ind2=" ">
    <subfield code="a">. &#x936;&#x930;&#x94D;&#x92E;&#x93E;,&#x92C;&#x940;,&#x90F;&#x92E;. </subfield>
  </datafield>
  <datafield tag="245" ind1=" " ind2=" ">
    <subfield code="a">&#x917;&#x93E;&#x902;&#x927;&#x940; &#x906;&#x936;&#x94D;&#x930;&#x92E;:</subfield>
    <subfield code="b">&#x917;&#x93E;&#x902;&#x927;&#x940; &#x935;&#x93F;&#x91A;&#x93E;&#x930; &#x926;&#x930;&#x94D;&#x936;&#x928; &#x915;&#x947; &#x92A;&#x94D;&#x930;&#x92F;&#x94B;&#x917;&#x936;&#x93E;&#x932;&#x93E;&#x92F;&#x947;</subfield>
    <subfield code="c"> By &#x92C;&#x940;,&#x90F;&#x92E;. &#x936;&#x930;&#x94D;&#x92E;&#x93E;</subfield>
  </datafield>
  <datafield tag="260" ind1=" " ind2=" ">
    <subfield code="a">&#x91C;&#x92F;&#x92A;&#x941;&#x930;:</subfield>
    <subfield code="b">&#x930;&#x93E;&#x935;&#x924;,</subfield>
    <subfield code="c">2020.</subfield>
  </datafield>
  <datafield tag="300" ind1=" " ind2=" ">
    <subfield code="a">xxi,426p.</subfield>
  </datafield>
  <datafield tag="942" ind1=" " ind2=" ">
    <subfield code="2">ddc</subfield>
    <subfield code="c">BK</subfield>
  </datafield>
</record>
